01289pam a2200373 a 4500001000700000003000400007005001700011008004100028010001700069020002400086020003100110020001800141035001100159040001800170042000900188050002200197082001200219100001700231245008900248260003900337300004200376336002600418337002800444338002700472490002400499520012300523650002000646650002100666700002400687906004500711942001200756999001900768952012800787497480OSt20260422082703.0850426s1986 nyua j 000 1 eng  a 85011018  a069830747X :c$7.99 a0698206231 (pbk.) :c$4.95 a9780698206236 a497480 aDLCcDLCdDLC alcac00aPZ7.Y78bCmi 198600a[E]2191 aYolen, Jane.10aCommander Toad and the intergalactic spy /cby Jane Yolen ; pictures by Bruce Degen. aNew York :bCoward-McCann,cc1986. a64 p. :billus. (some col.) ;c23 cm. atextbtxt2rdacontent aunmediatedbn2rdamedia avolumebnc2rdacarrier0 aA Break-of-day book aCommander Toad and the crew of Star Warts are asked to rout out Tip Toad, Space Fleet's greatest and most elusive spy. 1aToadsxFiction. 1aScience fiction.1 aDegen, Bruce,eill. a7bcbccorignewd1eocipf19gy-gencatlg 2lcccBK c266225d266224 00102lcc40708FICa40404b40404cCHILDd2026-04-22l0oPZ7.Y78 Cmi 1986pCL20250252r2026-04-22 00:00:00w2026-04-22yBK